000 00748nam a2200217 a 4500
001 0726
005 20140414132143.0
008 040927s19uu xx 00 eng d
020 _a0-978-0-439-04600-9
050 _aKIT (LCER) 513.2'11
_bC16 1999
100 _aCanizares, Susan
245 _aHow many can play? /
_cSamantha Berger, Betsey Chessen.
260 _aNew York :
_bScholastic,
_c1999.
300 _a1 v. (unp.) : ill. ; cm.
440 _aLearning center emergent readers
520 _aA counting books presenting children engaged in various sports, including swimming, football, and roller-blading.
650 _aCounting
_xJuvenile literature.
650 _aSports
_xJuvenile literature.
999 _c115380
_d115380